| 000 | 01495cam a2200397 a 4500 | ||
|---|---|---|---|
| 001 | data | ||
| 005 | 20260322212105.0 | ||
| 008 | data | ||
| 035 | _a13009923 | ||
| 906 |
_a7 _bcbc _corignew _d2 _encip _f20 _gy-gencatlg |
||
| 925 | 0 |
_aacquire _xBSC 2002-12-18 |
|
| 955 |
_dsg47 2002-12-16 _esg13 2002-12-18 to LL CSO |
||
| 010 | _a 2002541989 | ||
| 020 | _a8370595626 | ||
| 020 | _a9788370595623 | ||
| 040 |
_aDLC _cDLC _dDLC |
||
| 041 | 0 |
_ager _aeng _afre _ager |
|
| 043 |
_ae------ _ae------ |
||
| 050 | 0 | 0 |
_aK3165 _b.K665 2002 |
| 245 | 0 | 0 |
_aKonstytucja i władza we współczesnym świecie : _bdoktryna, prawo, praktyka : prace dedykowane Profesorowi Wojciechowi Sokolewiczowi na siedemdziesięciolecie urodzin / _c[komitet redakcyjny, Maria Kruk, Janusz Trzciński, Jan Wawrzyniak]. |
| 260 |
_aWarszawa : _bWydawn. Sejmowe, _c2002. |
||
| 300 |
_a540, [1] p. : _bport. ; _c25 cm. |
||
| 336 |
_atext _btxt _2rdacontent |
||
| 337 |
_aunmediated _bn _2rdamedia |
||
| 338 |
_avolume _bnc _2rdacarrier |
||
| 504 | _aIncludes bibliographical references (p. 521-[541]). | ||
| 546 | _aChiefly Polish; some English, French, and German. | ||
| 650 | 0 | _aConstitutional law. | |
| 650 | 0 |
_aConstitutional law _zPoland. |
|
| 650 | 0 |
_aConstitutional law _zEurope. |
|
| 700 | 1 | _aSokolewicz, Wojciech. | |
| 700 | 1 | _aKruk, Maria. | |
| 700 | 1 | _aTrzciński, Janusz. | |
| 700 | 1 | _aWawrzyniak, Jan. | |
| 999 |
_c1547 _d1547 |
||